Bài tập nguyên lý máy

Đã lưu trong:
Bibliografiske detaljer
Hovedforfatter:  Tạ Ngọc Hải
Format: Sách
Sprog:Undetermined
Udgivet:  Khoa học và Kỹ thuật  2013
Fag:
Tags: Tilføj Tag
Ingen Tags, Vær først til at tagge denne postø!
Thư viện lưu trữ: Trung tâm Thư viện - Trường Đại học Công nghiệp TP. Hồ Chí Minh
LEADER 00490nam a2200157Ia 4500
001 UIH_04871
008 231011s9999 xx 000 0 und d
082 |a  621.811 
100 |a  Tạ Ngọc Hải 
245 0 |a  Bài tập nguyên lý máy 
245 0 |c  Tạ Ngọc Hải 
260 |b  Khoa học và Kỹ thuật 
260 |c  2013 
650 |a  Máy móc;  
927 |a Sách 
980 |a Trung tâm Thư viện - Trường Đại học Công nghiệp TP. Hồ Chí Minh